Praktická realizácia benchmarkingu webových stránok v sektore eshopov s predajom elektroniky (SEO)

V záverečnom článku série o benchmarkinge, autor zrealizoval benchmarking prakticky na vybranej vzorke webových portálov z konkrétneho sektora.

Salvato in:
Dettagli Bibliografici
Autore principale: Miklošík, Andrej
Natura: Capitolo di libro
Lingua:slovacco
Soggetti:
Tags: Aggiungi Tag
Nessun Tag, puoi essere il primo ad aggiungerne!!

MARC

LEADER 00000nla a2200000 4500
001 0160151
005 20240502083354.9
041 0 |a slo 
044 |a CZ 
245 1 0 |a Praktická realizácia benchmarkingu webových stránok v sektore eshopov s predajom elektroniky (SEO)  |c Andrej Miklošík 
520 |a V záverečnom článku série o benchmarkinge, autor zrealizoval benchmarking prakticky na vybranej vzorke webových portálov z konkrétneho sektora. 
610 2 0 |a obchod elektronický 
610 2 0 |a elektronika spotrebná 
610 2 0 |a predaj 
610 2 0 |a komunikácia elektronická 
610 2 0 |a internet 
610 2 0 |a benchmarking 
610 2 0 |a Slovensko 
100 1 |a Miklošík, Andrej